000 00417nam a2200133Ia 4500
008 191206s9999 xx 000 0 und d
090 _aG8301E635
245 0 _aÄgypten: Strassenkarte mit Sehenswürdigkeiten = Egypt : road map for sightseeing
250 _aAusg. 1977.
260 _aKümmerly + Frey
260 _cc[1977]
300 _a1 map : col. ; 90 x 75 cm. fold. in cover 24 x 14
999 _c15431
_d15431